000 00706nab a2200217u 4500
001 19403
003 HDC
007 c| |||a|c|aaaa
008 210228b20070731my ||||o |||| 00| 0 eng d
040 _aHDC
245 0 _aAustralia and Brunei sign MOU on Halal market collaboration
336 _atext
_2rdacontent
337 _acomputer
_2rdamedia
338 _aonline resource
_2rdacarrier
650 _aglobal halal food market
_910530
650 _aHalal food
_950
856 _zRequest full-text at [email protected]
942 _2lcc
942 _cNEWS
942 _kNWS0 003562
999 _c16719
_d16719